000 02022cam a22006134i 4500
003 PE-LiUPU
005 20250731170416.0
008 150623s1996 sp r 000 0 spa d
020 _a8470439618
020 _a9788470439612
035 _a(Sirsi) i9788470439612
040 _aPE-LiUPU
_bspa
_cPE-LiUPU
_erda
049 _aPRUA
082 0 4 _a155.2
_bQ49
_221
100 1 _aQuintana, Guillermo,
_eautor.
245 1 3 _aLa psicología de la personalidad y sus trastornos /
_cGuillermo Quintana.
264 1 _aMadrid :
_bEditorial CCS,
_c1996.
300 _a463 páginas ;
_c24 centímetros.
336 _atext
_2rdacontent
337 _aunmediated
_2rdamedia
338 _avolume
_2rdacarrier
490 0 _aCampus ;
_v5
504 _aBibliografía: páginas 391-463.
505 0 _aLa realidad psíquica del ser humano -- La persona -- La personalidad -- estructura y formación de la personalidad -- La personalidad y el Yo -- Los trastornos de la personalidad.
526 _aSEG68
526 _aSEG70
526 _aSEG69
526 _aSEG67
526 _aSEG43
526 _aP144
526 _aP143
526 _aP131
526 _aP122
526 _aP120
526 _aP117
526 _aP112
526 _aP110
526 _aP106
526 _aP101
526 _aP80
526 _aP59
526 _aP54
526 _aP35
526 _aP33
526 _aP30
650 0 4 _aPersonalidad.
_91760
910 _bksl
_cksl
_d20190527
942 _2ddc
_cBOOK
949 _a155.2 Q49
_wDEWEY
_c1
_i45439
_d2016-10-9
_e2016-10-5
_lCCODEBUL1
_mBUL
_n3
_r0
_sY
_tBOOK
_u2015-6-24
_xEDUCACION
_zUNKNOWN
_0COMPRA
_o.STAFF. Colección Ciencias Humanas y Educación
994 _aC0
_bPEPRU
596 _a1
999 _a155.2 Q49
_wDEWEY
_c22300
_i45439
_d22300
_e2019-4-1
_f2021-11-8
_g6
_lCCODEBUL1
_mBUL
_n8
_p69.00
_q2
_r0
_sY
_tBOOK
_u2015-6-24
_xEDUCACION
_zUNKNOWN
_0COMPRA
_o.STAFF. Colección Ciencias Humanas y Educación
980 _81
_gALBERTO SANCHEZ Responsable de Automatización